<?xml version="1.0" encoding="UTF-8"?>
<collection xmlns="http://www.loc.gov/MARC21/slim">
 <record>
  <leader>     na                 </leader>
  <controlfield tag="001">INLIS000000001504744</controlfield>
  <controlfield tag="005">20260426091348</controlfield>
  <datafield tag="035" ind1=" " ind2=" ">
   <subfield code="a">0010-0426000065</subfield>
  </datafield>
  <controlfield tag="007">ta</controlfield>
  <controlfield tag="008">260426                |          | |  </controlfield>
  <datafield tag="082" ind1=" " ind2=" ">
   <subfield code="a">L.310-25147</subfield>
  </datafield>
  <datafield tag="084" ind1=" " ind2=" ">
   <subfield code="a">L.310-25147 MUK a</subfield>
  </datafield>
  <datafield tag="100" ind1="0" ind2=" ">
   <subfield code="a">MUKHAMMAD RIZALUL IKHSAN</subfield>
   <subfield code="e">Pengarang</subfield>
  </datafield>
  <datafield tag="245" ind1="1" ind2=" ">
   <subfield code="a">ANALISIS PERFORMA AYAM BROILER  DENGAN PENGGUNAAN SLAT PLASTIK   PADA PEMELIHARAAN KANDANG CLOSED HOUSE :</subfield>
   <subfield code="b">(STUDI KASUS DI PETERNAKAN PT. DINAMIKA  MEGATAMA CITRA) /</subfield>
   <subfield code="c">Polbangtan Malang</subfield>
  </datafield>
  <datafield tag="300" ind1=" " ind2=" ">
   <subfield code="a">100 hlm</subfield>
  </datafield>
  <datafield tag="650" ind1=" " ind2="4">
   <subfield code="a">Ayam broiler, Slat plastik, Performa ayam broiler</subfield>
  </datafield>
  <datafield tag="520" ind1=" " ind2=" ">
   <subfield code="a">Ayam broiIer merupakan jenis ayam yang menghasiIkan daging dengan &#13;
masa produksi yang Iebih cepat dibandingkan dengan jenis ternak potong Iainnya.&#13;
Pada umur 28 hari ayam broiIer sudah bisa dipasarkan dengan berat sekitar 1,2&#13;
kg. Walaupun ayam broiler tumbuh dengan sangat cepat, peternak belum tentu&#13;
memperoleh keuntungan yang optimal dari proses pemeliharaannya, karena&#13;
sebagian besar ayam broiler sering mengalami kendala dalam pertumbuhannya.&#13;
Salah satu aspek penting yang menentukan keberhasilan usaha peternakan ayam&#13;
broiler adalah manajemen litter atau alas kandang. Penelitian ini bertujuan untuk&#13;
menganilisis performa ayam broiler dengan penggunaan slat plastik pada&#13;
pemeliharaan kandang closed house di peternakan PT. Dinamika Megatama Citra,&#13;
dan menyusun rencana bisnis usaha ayam broiler berdasarkan dari hasil&#13;
penelitian.  &#13;
Metode yang digunakan dalam penelitian ini deskriptif kuantitatif, bertujuan&#13;
untuk menggambarkan suatu keadaan secara objektif menggunakan angka. Data&#13;
yang diambil dalam penilitian ini yaitu performa ayam broiler meliputi bobot ratarata,&#13;
konversi&#13;
pakan&#13;
(FCR),&#13;
mortalitas,&#13;
dan&#13;
Indeks&#13;
Performa&#13;
(IP),&#13;
Kemudian&#13;
untuk&#13;
&#13;
perhitungan&#13;
&#13;
anaIisis usaha yaitu meIiputi biaya produksi, penerimaan,&#13;
keuntungan, BEP, R/C ratio, dan ROI. &#13;
Hasil penelitian menujukkan performa ayam broiler dengan penggunaan&#13;
slat plastik selama empat periode diperoleh nilai ABW sebesar 2,441 kg lebih tinggi&#13;
dibandingkan standar 2,226 kg. Nilai FCR 1,72 lebih tinggi dari standar 1,52 dan&#13;
mortalitas 7,8%  lebih tinggi dari standar 5%, menunjukkan adanya masalah&#13;
lingkungan kandang yang tidak nyaman dan tantangan dalam manajemen&#13;
brooding. Nilai IP 349 tergolong baik, meskipun masih diperlukan perbaikan pada&#13;
efisiensi pakan dan pengendalian mortalitas. Secara finansial, penggunaan slat&#13;
plastik menguntungkan, nilai BEP harga Rp 17.972/kg di bawah harga jual Rp&#13;
20.000/kg. Nilai R/C ratio &gt;1,11 dan B/C ratio &gt;0,11 menandakan usaha layak&#13;
dijalankan dan menguntungkan.</subfield>
  </datafield>
  <datafield tag="336" ind1=" " ind2=" ">
   <subfield code="2">rdacontent</subfield>
   <subfield code="a">Text</subfield>
  </datafield>
  <datafield tag="337" ind1=" " ind2=" ">
   <subfield code="2">rdamedia</subfield>
   <subfield code="a">Buku Tercetak</subfield>
  </datafield>
  <datafield tag="338" ind1=" " ind2=" ">
   <subfield code="2">rdacarrier</subfield>
   <subfield code="a">Hardcopy</subfield>
  </datafield>
  <datafield tag="856" ind1=" " ind2=" ">
   <subfield code="a">https://repository.polbangtanmalang.ac.id/xmlui/handle/123456789/2130</subfield>
  </datafield>
  <datafield tag="264" ind1=" " ind2=" ">
   <subfield code="a">Malang :</subfield>
   <subfield code="b">Polbangtan Malang,</subfield>
   <subfield code="c">2025</subfield>
  </datafield>
  <datafield tag="990" ind1=" " ind2=" ">
   <subfield code="a">L.310-25147</subfield>
  </datafield>
 </record>
</collection>
